| 000 | 00814nam a2200313Ia 4500 | ||
|---|---|---|---|
| 003 | OSt | ||
| 005 | 20220912151545.0 | ||
| 006 | a|||||r|||| 00| 0 | ||
| 007 | ta | ||
| 008 | 220909b |||||||| |||| 00| 0 eng d | ||
| 020 | _a0849316596 (hbd) | ||
| 024 | _a6432 | ||
| 037 | _bRBC, | ||
| 037 | _cTextual | ||
| 040 |
_aCSL _beng _cCSL |
||
| 041 | _aeng | ||
| 082 | _aB:(R1), P0 | ||
| 100 | _aNguyen Hung T | ||
| 245 | 0 | _aFirst course in fuzzy logic | |
| 250 | _aEd 2 | ||
| 260 |
_aBoca _bRaton Chapman Hall/CRC _c2000 |
||
| 300 | _a373p | ||
| 500 | _aIncludes bibliography 335-342p; Index 369-373p | ||
| 650 | _a Logic | ||
| 650 | _aMathematics | ||
| 700 | _a Walker Elbert A | ||
| 942 |
_hB:(R1), P0 _cTEXL _2CC |
||
| 999 |
_c71244 _d71244 |
||